000 01292cam a2200217 4500
001 6645
010 _a 2013319213
020 _a019809177X
020 _a9780198091776
100 1 _aJahanbegloo, Ramin.
245 1 0 _aTalking environment :
_bVandana Shiva in conversation with Ramin Jahanbegloo /
_c Ramin Jahanbegloo
264 1 _aNew Delhi :
_bOxford University Press,
_c2013.
300 _axvi, 106 pages ;
_c22 cm
336 _atext
_2rdacontent
337 _aunmediated
_2rdamedia
338 _avolume
_2rdacarrier
505 _aFrom Dehradun to Western Ontario -- New perspectives on Gandhi -- The division -- Thinking eco-feminism -- Saving the ecosystem -- Ending with eco-imperialism.
_g
_r
_t
520 _aIranian scholar Ramin Jahanbegloo interviews one of the most well-known environment activists of our time, Vandana Shiva, and in the process, addresses issues ranging from nature and spiritualism, the Chipko Movement and the birth of Navdanya, 'earth democracy', and 'seed globalization' to the functioning of neoliberal paradigm in India, swadeshi and village governance, corruption in India, the future of Indian farmers, and the relevance of Gandhi in thetwenty-first century.
600 1 0 _aShiva, Vandana
_vInterviews.
650 0 _aEcofeminism
_zIndia
_vMiscellanea.
999 _c5595
_d5595